Online katalóg knižníc regiónu Turca

V službách kráľa (Record no. 22460)

MARC details
000 -LEADER
fixed length control field 01167cam a2200349 a 4500
001 - CONTROL NUMBER
control field 22460
003 - CONTROL NUMBER IDENTIFIER
control field SK-KTurca
005 - DATE AND TIME OF LATEST TRANSACTION
control field 20260328125558.0
008 - FIXED-LENGTH DATA ELEMENTS--GENERAL INFORMATION
fixed length control field 240226s1994 xo gr 000 f slo
015 ## - NATIONAL BIBLIOGRAPHY NUMBER
National bibliography number SNBA1995/05
020 ## - INTERNATIONAL STANDARD BOOK NUMBER
International Standard Book Number 8085352370
Qualifying information (súbor ;
-- viazané)
020 ## - INTERNATIONAL STANDARD BOOK NUMBER
International Standard Book Number 8085352400
Qualifying information (zväzok 3. ;
-- viazané)
035 ## - SYSTEM CONTROL NUMBER
System control number SNK000021499
040 ## - CATALOGING SOURCE
Original cataloging agency SNK
Language of cataloging slo
Transcribing agency SNK
Description conventions AACR2
041 1# - LANGUAGE CODE
Language code of text/sound track or separate title slo
Language code of original fre
044 ## - COUNTRY OF PUBLISHING/PRODUCING ENTITY CODE
MARC country code xo
ISO country code SK
072 #7 - SUBJECT CATEGORY CODE
Subject category code 821.133.1-3
Subject category code subdivision Francúzska próza, francúzsky písaná
Source konspekt
080 ## - UNIVERSAL DECIMAL CLASSIFICATION NUMBER
Universal Decimal Classification number 840-3
Edition identifier 1997
080 ## - UNIVERSAL DECIMAL CLASSIFICATION NUMBER
Universal Decimal Classification number (0:82-311.6)
Edition identifier 2011
080 ## - UNIVERSAL DECIMAL CLASSIFICATION NUMBER
Universal Decimal Classification number 821.133.1-31
Edition identifier 2011
100 1# - MAIN ENTRY--PERSONAL NAME
Personal name Benzoni, Juliette,
Dates associated with a name 1920-2016
Relationship aut
240 13 - UNIFORM TITLE
Uniform title Le trésor
Language of a work Slovensky
245 10 - TITLE STATEMENT
Title V službách kráľa
Number of part/section of a work 3
Name of part/section of a work Stratený poklad
Statement of responsibility, etc. Juliette Benzoni ; [z francúzskeho originálu Le trésor ... preložil Alexander Halvoník]
246 30 - VARYING FORM OF TITLE
Title proper/short title Stratený poklad
250 ## - EDITION STATEMENT
Edition statement 1. vyd.
260 ## - PUBLICATION, DISTRIBUTION, ETC.
Place of publication, distribution, etc. Bratislava
Name of publisher, distributor, etc. Remedium
Date of publication, distribution, etc. 1994
Place of manufacture Bratislava
Manufacturer Tlačiareň BB
300 ## - PHYSICAL DESCRIPTION
Extent 334 strán
Dimensions 24 cm
655 #7 - INDEX TERM--GENRE/FORM
Genre/form data or focus term francúzske romány
Source of term SNKPH
655 #7 - INDEX TERM--GENRE/FORM
Genre/form data or focus term historické romány
Source of term SNKPH
700 1# - ADDED ENTRY--PERSONAL NAME
Personal name Halvoník, Alexander,
Dates associated with a name 1945-
Relationship trl
942 ## - ADDED ENTRY ELEMENTS (KOHA)
Source of classification or shelving scheme Dewey Decimal Classification
Koha item type Krásna literatúra pre dospelých
Suppress in OPAC No
Holdings
Stav vyradenia Strata Poškodenie Spôsob nadobudnutia Domovská knižnica Aktuálna knižnica Dátum nadobudnutia Total checkouts Čiarový kód exemplára Date last seen Typ exemplára Verejná poznámka
      Dar Obecná knižnica Horná Štubňa Obecná knižnica Horná Štubňa 28.03.2026   4736202026 28.03.2026 Krásna literatúra pre dospelých 3. diel
Projekt je podporený Slovenskou asociáciou knižníc
Prevádzkuje Turčianska knižnica Martin 2026